Europe, Americas & Africa - Statistics

General Stats
  • This quiz has been taken 13 times
  • The average score is 91 of 140
Answer Stats
Country Capital % Correct
United States of America Washington D.C.
90%
Andorra Andorra la Vella
80%
Greece Athens
80%
Azerbaijan Baku
80%
Germany Berlin
80%
Colombia Bogotá
80%
Brazil Brasília
80%
Belgium Brussels
80%
Hungary Budapest
80%
Argentina Buenos Aires
80%
Denmark Copenhagen
80%
Ireland Dublin
80%
Cuba Havana
80%
Finland Helsinki
80%
Peru Lima
80%
United Kingdom London
80%
Mexico Mexico City
80%
Belarus Minsk
80%
Uruguay Montevideo
80%
Bahamas Nassau
80%
Cypruss Nicosia
80%
Canada Ottawa
80%
Panama Panama City
80%
France Paris
80%
Haiti Port-au-Prince
80%
Czech Republic Prague
80%
Kosovo Pristina
80%
Ecuador Quito
80%
Iceland Reykjavík
80%
Latvia Riga
80%
Italy Rome
80%
El Salvador San Salvador
80%
Chile Santiago
80%
Bosnia and Herzegovina Sarajevo
80%
Bulgaria Sofia
80%
Estonia Tallinn
80%
Georgia Tbilisi
80%
Albania Tirana
80%
Austria Vienna
80%
Croatia Zagreb
80%
Algeria Algiers
70%
Netherlands Amsterdam
70%
Turkey Ankara
70%
Kazakhstan Astana
70%
Serbia Belgrade
70%
Belize Belmopan
70%
Switzerland Bern
70%
Slovakia Bratislava
70%
Romania Bucharest
70%
Egypt Cairo
70%
Venezuela Caracas
70%
Guyana Georgetown
70%
Guatemala Guatemala City
70%
Jamaica Kingston
70%
Ukraine Kyiv
70%
Portugal Lisbon
70%
Slovenia Ljubljana
70%
Spain Madrid
70%
Nicaragua Managua
70%
Monaco Monaco
70%
Russia Moscow
70%
Norway Oslo
70%
Burkina Faso Ouagadougou
70%
Suriname Paramaribo
70%
Grenada Saint George's
70%
Antigua & Barbuda Saint John's
70%
Costa Rica San José
70%
San Marino San Marino
70%
Sweden Stockholm
70%
Bolivia Sucre
70%
Honduras Tegucigalpa
70%
Liechtenstein Vaduz
70%
Vatican City Vatican City
70%
Lithuania Vilnius
70%
Poland Warsaw
70%
Armenia Yerevan
70%
Nigeria Abuja
60%
Ethiopia Addis Ababa
60%
Paraguay Asunción
60%
Mali Bamako
60%
Saint Kitts and Nevis Basseterre
60%
Congo (Republic of the Congo) Brazzaville
60%
Saint Lucia Castries
60%
Moldova Chișinău
60%
Guinea Conakry
60%
Senegal Dakar
60%
Djibouti Djibouti
60%
Sierra Leone Freetown
60%
Botswana Gaborone
60%
Burundi Gitega
60%
Zimbabwe Harare
60%
South Sudan Juba
60%
Congo (Democratic Republic of the Congo) Kinshasa
60%
Angola Luanda
60%
Luxembourg Luxembourg
60%
Kenya Nairobi
60%
Mauritania Nouakchott
60%
Montenegro Podgorica
60%
Trinidad and Tobago Port of Spain
60%
Benin Porto-Novo
60%
South Africa Pretoria
60%
Morocco Rabat
60%
Dominica Roseau
60%
Dominican Republic Santo Domingo
60%
North Macedonia Skopje
60%
Libya Tripoli
60%
Tunisia Tunis
60%
Malta Valletta
60%
Namibia Windhoek
60%
Cameroon Yaoundé
60%
Ghana Accra
50%
Madagascar Antananarivo
50%
Eritrea Asmara
50%
Central African Republic Bangui
50%
Guinea-Bissau Bissau
50%
Barbados Bridgetown
50%
Tanzania Dodoma
50%
Uganda Kampala
50%
Sudan Khartoum
50%
Rwanda Kigali
50%
Saint Vincent and the Grenadines Kingstown
50%
Togo Lome
50%
Zambia Lusaka
50%
Mozambique Maputo
50%
Somalia Mogadishu
50%
Liberia Monrovia
50%
Chad N'Djamena
50%
Niger Niamey
50%
São Tomé and Príncipe São Tomé
50%
Seychelles Victoria
50%
Gambia Banjul
40%
Malawi Lilongwe
40%
Lesotho Maseru
40%
Eswatini Mbabane
40%
Comoros Moroni
40%
Mauritius Port Louis
40%
Ivory Coast (Côte d'Ivoire) Yamoussoukro
40%
Gabon Libreville
30%
Equatorial Guinea Malabo
30%
Cape Verde Praia
30%
No matching quizzes found
Score Distribution
Percent of People with Each Score
Percentile by Number Answered
Your Score History
You have not taken this quiz